| 000 | 00593nam a2200205 a 4500 | ||
|---|---|---|---|
| 001 | 000022137 | ||
| 005 | 20240530073919.0 | ||
| 008 | 100917s2003 dr 000 f spa d | ||
| 020 | _z9993438829 | ||
| 040 |
_aDO-SdBNP _bspa _cBNPHU |
||
| 082 |
_aRD863.44 _bM181b |
||
| 100 | 1 |
_aMadera, Osiris _914884 |
|
| 245 | 1 | 0 |
_aBolo 15 / _cOsiris Madera. |
| 260 |
_aSanto Domingo : _bLetra Gráfica, _c2003. |
||
| 300 |
_a128 p. ; _c22 cm. |
||
| 590 | _aInventariado, 2019/BT | ||
| 650 | 0 |
_aNovela dominicana _9223 |
|
| 650 | 0 |
_aLiteratura dominicana. _967 |
|
| 910 | _aValidado. Control de calidad EMS | ||
| 999 |
_c21635 _d21635 |
||